<?xml version="1.0" encoding="UTF-8"?>
<record
    xmlns:xsi="http://www.w3.org/2001/XMLSchema-instance"
    xsi:schemaLocation="http://www.loc.gov/MARC21/slim http://www.loc.gov/standards/marcxml/schema/MARC21slim.xsd"
    xmlns="http://www.loc.gov/MARC21/slim">

  <leader>01718nam a22001817a 4500</leader>
  <controlfield tag="008">120831t        xxu||||| |||| 00| 0 eng d</controlfield>
  <datafield tag="020" ind1=" " ind2=" ">
    <subfield code="a">0723603421</subfield>
  </datafield>
  <datafield tag="050" ind1=" " ind2=" ">
    <subfield code="a">RD31.C52</subfield>
  </datafield>
  <datafield tag="245" ind1=" " ind2=" ">
    <subfield code="a">Hamilton bailey's demonstrations of physical signs in clinical surgery. /</subfield>
    <subfield code="c">edited by Allan Clain</subfield>
  </datafield>
  <datafield tag="250" ind1=" " ind2=" ">
    <subfield code="a">15th ed.</subfield>
  </datafield>
  <datafield tag="260" ind1=" " ind2=" ">
    <subfield code="a">Great Britain,</subfield>
    <subfield code="b">John Wright and Sons,</subfield>
    <subfield code="c">c1973.</subfield>
  </datafield>
  <datafield tag="300" ind1=" " ind2=" ">
    <subfield code="a">xii, 620 p.:</subfield>
    <subfield code="b">ill.;</subfield>
    <subfield code="c">24cm.</subfield>
  </datafield>
  <datafield tag="500" ind1=" " ind2=" ">
    <subfield code="a">Includes index.</subfield>
  </datafield>
  <datafield tag="505" ind1=" " ind2=" ">
    <subfield code="a">Contents: Introduction -- Basic physical signs -- Localized swellings -- Local inflammation; ulcers and sinuses; scars -- Head and neck: The Head -- The Orbit -- The Ear -- The Face and Jaws -- The Face and jaws -- The Salivary glands -- The Mouth -- The Throat, nose, and nasal sinuses --  The Neck (excluding the thyroid glands) -- The Thyroid gland -- Trunk: The Breast and axillary lymph-nodes -- The Thorax (including oesophagus) -- The Back -- Abdomen: Non-acute abdominal conditions -- The Abdominal wall, umbilicus, and groin -- Hernia -- Rectal and virginal examination -- Acute abdominal conditions -- Abdominal and pelvic injuries -- Clinical examination of the urinary organs -- The Male generative organs: venereal disease -- Limbs: The Circulation in the extremities -- The Peripheral nerves -- Bone -- Suspected features: examination joints -- The Arm -- The Hand -- The Hip-joint and the thigh -- The Knee-joint -- The Leg and ankle-joint -- The Foot -- Appendix 1: The newly born infants -- Appendix 2: Examination of the severely injured patient -- Early detection of cancer patients -- Surgical diagnosis in old age -- Appendix B: Physical signs in tropical diseases. </subfield>
  </datafield>
  <datafield tag="650" ind1=" " ind2=" ">
    <subfield code="b">Physiology.</subfield>
  </datafield>
  <datafield tag="700" ind1=" " ind2=" ">
    <subfield code="a">Clain, Allan</subfield>
  </datafield>
  <datafield tag="942" ind1=" " ind2=" ">
    <subfield code="2">lcc</subfield>
    <subfield code="c">BK</subfield>
  </datafield>
  <datafield tag="999" ind1=" " ind2=" ">
    <subfield code="c">2289</subfield>
    <subfield code="d">9789</subfield>
  </datafield>
  <datafield tag="952" ind1=" " ind2=" ">
    <subfield code="0">0</subfield>
    <subfield code="1">0</subfield>
    <subfield code="2">lcc</subfield>
    <subfield code="4">0</subfield>
    <subfield code="7">0</subfield>
    <subfield code="a">WIUC-1</subfield>
    <subfield code="b">WIUC-1</subfield>
    <subfield code="c">GEN</subfield>
    <subfield code="d">2012-08-31</subfield>
    <subfield code="l">0</subfield>
    <subfield code="o">RD31.C52</subfield>
    <subfield code="p">5100/12</subfield>
    <subfield code="r">2012-08-31 00:00:00</subfield>
    <subfield code="w">2012-08-31</subfield>
    <subfield code="y">BK</subfield>
  </datafield>
</record>
